Metal Albums - Statistics

General Stats
  • This quiz has been taken 105 times
  • The average score is 11 of 15
Answer Stats
Question Answer % Correct
Metallica Kill 'Em All
94%
Judas Priest Painkiller
94%
Black Sabbath Paranoid
94%
Slipknot Slipknot
93%
Iron Maiden Number of the Beast
87%
System of a Down Steal this Album!
85%
Dio Holy Diver
82%
Deftones Diamond Eyes
68%
Tool 10,000 Days
65%
Korn Follow the Leader
63%
Lamb of God Ashes of the Wake
62%
Rage Against the Machine Evil Empire
62%
Death Leprosy
61%
Mastodon Leviathan
61%
Gojira From Mars to Sirius
49%
No matching quizzes found
Score Distribution
Percent of People with Each Score
Percentile by Number Answered
Your Score History
You have not taken this quiz